[Event "SVK-chT1E 2223"]
[Site "Slovakia"]
[Date "2023.03.11"]
[Round "10.5"]
[White "Stec, Juraj"]
[Black "Sedlacek, Pavol"]
[Result "0-1"]
[WhiteElo "1874"]
[BlackElo "2205"]
[PlyCount "70"]
[EventDate "2022.10.15"]
[EventType "team-tourn"]
[EventRounds "11"]
[EventCountry "SVK"]
[SourceTitle "EXT 2024"]
[Source "ChessBase"]
[SourceDate "2023.10.10"]
[SourceVersion "1"]
[SourceVersionDate "2023.10.10"]
[SourceQuality "1"]
[WhiteTeam "Kosice Slavia TU"]
[BlackTeam "Cadca"]
[WhiteTeamCountry "SVK"]
[BlackTeamCountry "SVK"]

1. e4 c6 2. d4 d5 3. exd5 cxd5 4. c4 Nf6 5. Nc3 Nc6 6. Nf3 e6 7. cxd5 Nxd5 8. Bd3 Be7 9. 0-0 0-0 10. a3 Nf6 11. Bc2 b6 12. Bg5 Bb7 13. Qd3 g6 14. Rfd1 Rc8 15. Qe2 Re8 16. Ba4 a6 17. Ne5 b5 18. Nxb5 axb5 19. Qxb5 Ba8 20. Qa6 Qd5 21. f3 Nxe5 22. dxe5 Qxe5 23. Bxf6 Bxf6 24. Bxe8 Rxe8 25. Rab1 Bd5 26. Qd3 Ba2 27. b4 Bxb1 28. Rxb1 Rd8 29. Qb3 Qe2 30. f4 Rd3 31. Qa4 Kg7 32. h3 Qe3+ 33. Kh1 Rxa3 34. Qb5 Qe4 35. Qf1 Rxh3+ 0-1

[Event "SVK-chT1E 2223"]
[Site "Slovakia"]
[Date "2023.02.05"]
[Round "9.6"]
[White "Stec, Juraj"]
[Black "Puskar, Jan"]
[Result "1/2-1/2"]
[WhiteElo "1874"]
[BlackElo "2089"]
[PlyCount "103"]
[EventDate "2022.10.15"]
[EventType "team-tourn"]
[EventRounds "11"]
[EventCountry "SVK"]
[SourceTitle "EXT 2024"]
[Source "ChessBase"]
[SourceDate "2023.10.10"]
[SourceVersion "1"]
[SourceVersionDate "2023.10.10"]
[SourceQuality "1"]
[WhiteTeam "Kosice Slavia TU"]
[BlackTeam "Zvolen Slavia"]
[WhiteTeamCountry "SVK"]
[BlackTeamCountry "SVK"]

1. e4 c5 2. Nf3 e6 3. c4 Nc6 4. Nc3 Nf6 5. d4 cxd4 6. Nxd4 Bb4 7. Nxc6 bxc6 8. Bd3 Bxc3+ 9. bxc3 Qa5 10. Qb3 0-0 11. Qb4 Qxb4 12. cxb4 d5 13. exd5 exd5 14. Be3 a5 15. 0-0 Ba6 16. bxa5 dxc4 17. Bf5 Bc8 18. Bxc8 Rfxc8 19. Rfc1 Nd5 20. Rxc4 Nxe3 21. fxe3 Rxa5 22. a4 g6 23. Rac1 c5 24. Kf2 Kg7 25. Rb1 Rca8 26. Rb5 Rxa4 27. Rbxc5 Rxc4 28. Rxc4 Ra2+ 29. Kf3 h5 30. h4 Ra1 31. g3 Rf1+ 32. Kg2 Rf5 33. Rf4 Re5 34. Kf3 Kf8 35. Re4 Ra5 36. Kf2 Kg7 37. Kf3 Kf6 38. Rf4+ Ke6 39. Re4+ Re5 40. Ra4 Rf5+ 41. Rf4 Ke5 42. Rxf5+ Kxf5 43. e4+ Ke5 44. Ke3 f6 45. Kd3 f5 46. exf5 Kxf5 47. Ke3 Kg4 48. Kf2 Kh3 49. Kf3 Kh2 50. Kf2 Kh1 51. Kf3 Kh2 52. Kf2 1/2-1/2

[Event "SVK-chT1E 2223"]
[Site "Slovakia"]
[Date "2022.11.06"]
[Round "4.4"]
[White "Kasperek, Ryszard"]
[Black "Stec, Juraj"]
[Result "1/2-1/2"]
[WhiteElo "2091"]
[BlackElo "1874"]
[PlyCount "48"]
[EventDate "2022.10.15"]
[EventType "team-tourn"]
[EventRounds "11"]
[EventCountry "SVK"]
[SourceTitle "EXT 2024"]
[Source "ChessBase"]
[SourceDate "2023.10.10"]
[SourceVersion "1"]
[SourceVersionDate "2023.10.10"]
[SourceQuality "1"]
[WhiteTeam "Dunajov Martin II"]
[BlackTeam "Kosice Slavia TU"]
[WhiteTeamCountry "SVK"]
[BlackTeamCountry "SVK"]

1. e4 c6 2. d4 d5 3. e5 Bf5 4. h4 h5 5. Bd3 Bxd3 6. Qxd3 e6 7. Nf3 Ne7 8. Bg5 Qa5+ 9. Nbd2 Nf5 10. 0-0 Nd7 11. c4 Bb4 12. cxd5 cxd5 13. Rfc1 0-0 14. Nb3 Qb6 15. Rc2 Rfc8 16. Rac1 Rc6 17. a3 Bf8 18. Bd2 Qc7 19. Na5 Rxc2 20. Qxc2 Qxc2 21. Rxc2 b5 22. Rc7 Nb6 23. Nc6 Rc8 24. Rxc8 Nxc8 1/2-1/2

[Event "SVK-chT1E 2223"]
[Site "Slovakia"]
[Date "2022.11.05"]
[Round "3.4"]
[White "Stec, Juraj"]
[Black "Kleman, Miroslav"]
[Result "1/2-1/2"]
[WhiteElo "1874"]
[BlackElo "2239"]
[PlyCount "115"]
[EventDate "2022.10.15"]
[EventType "team-tourn"]
[EventRounds "11"]
[EventCountry "SVK"]
[SourceTitle "EXT 2024"]
[Source "ChessBase"]
[SourceDate "2023.10.10"]
[SourceVersion "1"]
[SourceVersionDate "2023.10.10"]
[SourceQuality "1"]
[WhiteTeam "Kosice Slavia TU"]
[BlackTeam "Dunajov Martin"]
[WhiteTeamCountry "SVK"]
[BlackTeamCountry "SVK"]

1. e4 e5 2. Nf3 f5 3. Nxe5 Qf6 4. d4 d6 5. Nc4 fxe4 6. Be3 d5 7. Ne5 Bd6 8. c4 Nc6 9. Nxc6 bxc6 10. Nc3 Ne7 11. Qd2 Bb4 12. a3 Bxc3 13. Qxc3 0-0 14. Be2 Be6 15. 0-0 Qg6 16. Rfe1 Nf5 17. cxd5 Bxd5 18. Bf1 Rf7 19. Re2 Qf6 20. Rd1 g5 21. Rc2 a5 22. Bc4 Raf8 23. Bxd5 cxd5 24. b4 axb4 25. axb4 Qd8 26. Rdc1 h6 27. b5 Qd7 28. Qc6 Rb8 29. Qxd7 Rxd7 30. Rc5 Kf8 31. Kf1 Ke8 32. Ke2 Ke7 33. g4 Ng7 34. Rxc7 Rxb5 35. R7c5 Rb2+ 36. R5c2 Rxc2+ 37. Rxc2 Ne6 38. Rc8 Rd8 39. Rxd8 Kxd8 40. f3 exf3+ 41. Kxf3 Kd7 42. Ke2 Kc6 43. Kd3 Kb5 44. Kc3 Ka4 45. Bc1 Nc7 46. h4 gxh4 47. Bxh6 Ne6 48. Be3 h3 49. Bg1 Ng5 50. Bh2 Nf3 51. Bf4 h2 52. Bxh2 Nxh2 53. g5 Ng4 54. Kd3 Kb4 55. Ke2 Kc4 56. Kf3 Kxd4 57. Kxg4 Ke5 58. g6 1/2-1/2

[Event "SVK-chT2D 2122"]
[Site "Slovakia"]
[Date "2022.04.30"]
[Round "10.3"]
[White "Mnich, Jozef"]
[Black "Stec, Juraj"]
[Result "1-0"]
[WhiteElo "1999"]
[BlackElo "1851"]
[PlyCount "101"]
[EventDate "2021.10.16"]
[EventType "team-tourn"]
[EventRounds "11"]
[EventCountry "SVK"]
[SourceTitle "EXT 2023"]
[Source "ChessBase"]
[SourceDate "2022.10.05"]
[SourceVersion "1"]
[SourceVersionDate "2022.10.05"]
[SourceQuality "1"]
[WhiteTeam "Presov Tatran Dason"]
[BlackTeam "Kosice Slavia TU IV"]
[WhiteTeamCountry "SVK"]
[BlackTeamCountry "SVK"]

1. e4 c6 2. d4 d5 3. exd5 cxd5 4. c4 Nf6 5. Nc3 e6 6. Nf3 Be7 7. Be2 dxc4 8. Bxc4 0-0 9. 0-0 Nc6 10. Re1 b6 11. Bb3 Bb7 12. d5 exd5 13. Nxd5 Nxd5 14. Bxd5 Bf6 15. Rb1 Qd7 16. Bg5 Bxg5 17. Nxg5 Qf5 18. Ne6 Rfe8 19. Be4 Qxe6 20. Bxh7+ Kxh7 21. Rxe6 Rxe6 22. Qf3 Rae8 23. h3 Kg8 24. Rd1 Na5 25. Qf4 Rg6 26. g3 Rf6 27. Qd2 Rfe6 28. g4 Nc4 29. Qc3 Ne5 30. Kh2 Rf6 31. Kg1 Nf3+ 32. Kf1 Ng5 33. Re1 Rxe1+ 34. Qxe1 Nxh3 35. Qe5 Ba6+ 36. Kg2 Rxf2+ 37. Kxh3 Bf1+ 38. Kg3 Re2 39. Qb8+ Kh7 40. Qxa7 Rg2+ 41. Kf3 Rxb2 42. Qxf7 b5 43. g5 Bd3 44. Qh5+ Kg8 45. Ke3 g6 46. Qd1 Bf5 47. Qd8+ Kh7 48. Qe7+ Kg8 49. Qe8+ Kh7 50. Qf7+ Kh8 51. Qf6+ 1-0

[Event "SVK-chT1E 2122"]
[Site "Slovakia"]
[Date "2022.04.24"]
[Round "9.5"]
[White "Stec, Juraj"]
[Black "Harvan, Tomas"]
[Result "0-1"]
[WhiteElo "1851"]
[BlackElo "1819"]
[PlyCount "54"]
[EventDate "2022.01.29"]
[EventType "team-tourn"]
[EventRounds "11"]
[EventCountry "SVK"]
[SourceTitle "EXT 2023"]
[Source "ChessBase"]
[SourceDate "2022.10.05"]
[SourceVersion "1"]
[SourceVersionDate "2022.10.05"]
[SourceQuality "1"]
[WhiteTeam "Kosice Slavia TU"]
[BlackTeam "Humenne Reinter II"]
[WhiteTeamCountry "SVK"]
[BlackTeamCountry "SVK"]

1. e4 c6 2. d4 d5 3. exd5 cxd5 4. c4 Nf6 5. Nc3 Nc6 6. Nf3 Bg4 7. cxd5 Nxd5 8. Bb5 Rc8 9. 0-0 e6 10. Qb3 Bxf3 11. gxf3 Nxc3 12. bxc3 Bd6 13. Ba3 Bxa3 14. Qxa3 Qg5+ 15. Kh1 Qxb5 16. Rab1 Qa5 17. Qd6 Qc7 18. Qc5 Qe7 19. Qxe7+ Kxe7 20. Rxb7+ Kf6 21. Rg1 Ne7 22. Rxa7 Rxc3 23. a4 Rhc8 24. Rg4 Rxf3 25. Kg2 Rd3 26. a5 Ra3 27. h4 Rc4 0-1

[Event "SVK-chT2D 2122"]
[Site "Slovakia"]
[Date "2022.03.05"]
[Round "6.3"]
[White "Stec, Juraj"]
[Black "Mazak, Ryan"]
[Result "0-1"]
[WhiteElo "1851"]
[BlackElo "1551"]
[PlyCount "62"]
[EventDate "2021.10.16"]
[EventType "team-tourn"]
[EventRounds "11"]
[EventCountry "SVK"]
[SourceTitle "EXT 2023"]
[Source "ChessBase"]
[SourceDate "2022.10.05"]
[SourceVersion "1"]
[SourceVersionDate "2022.10.05"]
[SourceQuality "1"]
[WhiteTeam "Kosice Slavia TU IV"]
[BlackTeam "Kosice Slavia UPJS III"]
[WhiteTeamCountry "SVK"]
[BlackTeamCountry "SVK"]

1. e4 d5 2. exd5 Nf6 3. c4 e6 4. d4 exd5 5. Nc3 Bb4 6. Nf3 0-0 7. Be2 Re8 8. 0-0 Bg4 9. Be3 Nc6 10. Qb3 dxc4 11. Qxc4 Be6 12. Qd3 Bd6 13. Rad1 Qe7 14. h3 Rad8 15. Qb1 Nd5 16. Qc1 Ncb4 17. a3 Nxc3 18. Qxc3 Nd5 19. Qc1 Bd7 20. Bc4 Nxe3 21. fxe3 Bc6 22. d5 Bd7 23. Rd3 Bc5 24. Re1 Qd6 25. Nd2 Qg3 26. Nf1 Qg6 27. Rd2 Bb6 28. Kh1 Re5 29. Rde2 Rh5 30. e4 Rxh3+ 31. gxh3 Qg1# 0-1

[Event "SVK-chT1E 2122"]
[Site "Slovakia"]
[Date "2022.02.27"]
[Round "5.6"]
[White "Holly, Andrej"]
[Black "Stec, Juraj"]
[Result "1-0"]
[WhiteElo "2199"]
[BlackElo "1851"]
[PlyCount "121"]
[EventDate "2022.01.29"]
[EventType "team-tourn"]
[EventRounds "11"]
[EventCountry "SVK"]
[SourceTitle "EXT 2023"]
[Source "ChessBase"]
[SourceDate "2022.10.05"]
[SourceVersion "1"]
[SourceVersionDate "2022.10.05"]
[SourceQuality "1"]
[WhiteTeam "Liptov Chess School II"]
[BlackTeam "Kosice Slavia TU"]
[WhiteTeamCountry "SVK"]
[BlackTeamCountry "SVK"]

1. c4 e6 2. g3 d5 3. Bg2 Nf6 4. Nf3 Be7 5. 0-0 0-0 6. b3 c5 7. Bb2 Nc6 8. d3 Qc7 9. e3 b6 10. Nc3 a6 11. Qe2 Bb7 12. Ne1 Rad8 13. f4 d4 14. Nd1 dxe3 15. Nxe3 Nd4 16. Bxd4 Bxg2 17. Kxg2 cxd4 18. N3c2 a5 19. a3 b5 20. Nf3 bxc4 21. bxc4 Bc5 22. Rab1 Rd6 23. Rb5 Rb8 24. Rfb1 Rxb5 25. Rxb5 h6 26. Qe5 Nd7 27. Qe4 f5 28. Qa8+ Kh7 29. Qxa5 Qxa5 30. Rxa5 Rb6 31. Rb5 Ra6 32. Nfxd4 Bxd4 33. Nxd4 Rxa3 34. Rb3 Ra2+ 35. Kf3 Nc5 36. Rc3 Rxh2 37. Ne2 Rh1 38. Ke3 Ra1 39. Kd4 Ra5 40. Nc1 Kg6 41. Nb3 Nxb3+ 42. Rxb3 Kf6 43. Rb5 Ra8 44. Kc5 g5 45. Kc6 gxf4 46. gxf4 h5 47. Kb7 Rh8 48. c5 Rh7+ 49. Kb6 h4 50. c6 h3 51. c7 Rh8 52. Kb7 h2 53. Rb1 h1Q+ 54. Rxh1 Rxh1 55. c8Q Rb1+ 56. Ka6 Ra1+ 57. Kb5 Rb1+ 58. Ka4 Ra1+ 59. Kb3 Rb1+ 60. Kc2 Rb5 61. Qf8+ 1-0

[Event "SVK-chT1E 2122"]
[Site "Slovakia"]
[Date "2022.02.26"]
[Round "4.5"]
[White "Janik, Miroslav"]
[Black "Stec, Juraj"]
[Result "1-0"]
[WhiteElo "1878"]
[BlackElo "1851"]
[PlyCount "81"]
[EventDate "2022.01.29"]
[EventType "team-tourn"]
[EventRounds "11"]
[EventCountry "SVK"]
[SourceTitle "EXT 2023"]
[Source "ChessBase"]
[SourceDate "2022.10.05"]
[SourceVersion "1"]
[SourceVersionDate "2022.10.05"]
[SourceQuality "1"]
[WhiteTeam "Dunajov Inbest II"]
[BlackTeam "Kosice Slavia TU"]
[WhiteTeamCountry "SVK"]
[BlackTeamCountry "SVK"]

1. d4 d5 2. c4 e6 3. Nc3 Nf6 4. Bg5 Be7 5. e3 0-0 6. Nf3 h6 7. Bh4 b6 8. Bd3 Bb7 9. cxd5 exd5 10. 0-0 Ne4 11. Bxe7 Qxe7 12. Re1 Nd7 13. Qc2 Ndf6 14. Ne5 c5 15. f3 Nxc3 16. bxc3 Rac8 17. Qb2 Rc7 18. e4 Qd6 19. Nxf7 Qf4 20. Ne5 dxe4 21. Bc4+ Kh7 22. g3 Qg5 23. fxe4 cxd4 24. cxd4 Rxc4 25. Nxc4 Bxe4 26. Nd6 Bg6 27. Re5 Qg4 28. Rf1 Qd7 29. Nf5 Bxf5 30. Rexf5 Re8 31. Re5 Ng4 32. Rxe8 Qxe8 33. Qc2+ Kh8 34. Qd2 Nf6 35. d5 Qe5 36. d6 Qc5+ 37. Kg2 Qc6+ 38. Rf3 Ne4 39. d7 Nxd2 40. d8Q+ Kh7 41. Qxd2 1-0

[Event "SVK-chT2D 2122"]
[Site "Slovakia"]
[Date "2022.02.12"]
[Round "5.4"]
[White "Jurov, Pavol"]
[Black "Stec, Juraj"]
[Result "1/2-1/2"]
[WhiteElo "1938"]
[BlackElo "1851"]
[PlyCount "38"]
[EventDate "2021.10.16"]
[EventType "team-tourn"]
[EventRounds "11"]
[EventCountry "SVK"]
[SourceTitle "EXT 2023"]
[Source "ChessBase"]
[SourceDate "2022.10.05"]
[SourceVersion "1"]
[SourceVersionDate "2022.10.05"]
[SourceQuality "1"]
[WhiteTeam "Moldava nad Bodvou"]
[BlackTeam "Kosice Slavia TU IV"]
[WhiteTeamCountry "SVK"]
[BlackTeamCountry "SVK"]

1. d4 d5 2. c4 e6 3. Nc3 Nf6 4. cxd5 Nxd5 5. e4 Nxc3 6. bxc3 c5 7. Nf3 cxd4 8. cxd4 Bb4+ 9. Bd2 Bxd2+ 10. Qxd2 0-0 11. Bc4 Nc6 12. 0-0 b6 13. Rfe1 Bb7 14. Bb3 Na5 15. Bc2 Rc8 16. Qd3 Qc7 17. Rac1 Qc3 18. h4 Qxd3 19. Bxd3 Rfd8 1/2-1/2

[Event "SVK-chT2D 2122"]
[Site "Slovakia"]
[Date "2021.10.17"]
[Round "2.4"]
[White "Stec, Juraj"]
[Black "Presalovic, Marcel"]
[Result "1/2-1/2"]
[WhiteElo "1876"]
[BlackElo "2066"]
[PlyCount "245"]
[EventDate "2021.10.16"]
[EventType "team-tourn"]
[EventRounds "11"]
[EventCountry "SVK"]
[SourceTitle "EXT 2023"]
[Source "ChessBase"]
[SourceDate "2022.10.05"]
[SourceVersion "1"]
[SourceVersionDate "2022.10.05"]
[SourceQuality "1"]
[WhiteTeam "Kosice Slavia TU IV"]
[BlackTeam "Stropkov/Svidnik"]
[WhiteTeamCountry "SVK"]
[BlackTeamCountry "SVK"]

1. e4 d6 2. d4 g6 3. Nf3 Nf6 4. Nc3 Bg7 5. Be2 0-0 6. 0-0 c6 7. a4 a5 8. h3 Qc7 9. Be3 Nbd7 10. Qd2 Re8 11. Rad1 Nf8 12. Nh2 e6 13. Ng4 d5 14. Nxf6+ Bxf6 15. Bf3 Nd7 16. Ne2 Bg7 17. Ng3 dxe4 18. Nxe4 Nf6 19. Nxf6+ Bxf6 20. c4 Rd8 21. Qc2 Bd7 22. Qb3 Rdb8 23. Rc1 Qd6 24. Qc2 Be8 25. Rfd1 Rc8 26. Qb3 Qb4 27. Qxb4 axb4 28. b3 Rd8 29. Rd2 Rd7 30. Rcd1 Rad8 31. Kf1 h6 32. Ke2 Bg7 33. d5 cxd5 34. cxd5 exd5 35. Rxd5 Rxd5 36. Rxd5 Rc8 37. Rc5 Bc6 38. Bxc6 bxc6 39. Rc4 Bf8 40. Kd3 c5 41. Re4 f5 42. Re5 c4+ 43. bxc4 Ra8 44. a5 b3 45. Rb5 b2 46. Bd4 Rxa5 47. Rxb2 Ra3+ 48. Ke2 Kf7 49. Rb7+ Ke6 50. Rb6+ Kd7 51. Rxg6 Ra4 52. Kd3 Ra3+ 53. Kc2 Ra2+ 54. Kb3 Ra3+ 55. Kc2 Ra2+ 56. Kd3 Ra3+ 57. Kd2 Ra4 58. Be3 Rxc4 59. Bxh6 Bd6 60. g3 Be5 61. Be3 f4 62. gxf4 Bxf4 63. Rg4 Bxe3+ 64. fxe3 Rc5 65. Ke2 Ke6 66. Kf3 Rc1 67. Ra4 Rf1+ 68. Ke4 Rh1 69. Ra6+ Kf7 70. Rh6 Kg7 71. Rh4 Kf6 72. Rh6+ Kg7 73. Rh4 Kf6 74. Rf4+ Ke6 75. h4 Rh2 76. Rg4 Kf6 77. Kd5 Rd2+ 78. Rd4 Ra2 79. Rf4+ Ke7 80. Ke5 Ra5+ 81. Ke4 Ke6 82. Rg4 Rh5 83. Kf4 Rf5+ 84. Kg3 Rf1 85. h5 Re1 86. Kf4 Rf1+ 87. Ke4 Rh1 88. Rg6+ Kf7 89. Rg5 Kf6 90. Ra5 Rh4+ 91. Kd3 Kg7 92. e4 Kh7 93. Rf5 Rh1 94. Kd4 Kh6 95. Ke5 Ra1 96. Kd4 Ra4+ 97. Ke3 Ra1 98. e5 Ra3+ 99. Kd4 Ra4+ 100. Kd5 Ra5+ 101. Ke6 Kg7 102. Rf7+ Kg8 103. Rd7 Ra1 104. Kf6 Rf1+ 105. Kg6 Rg1+ 106. Kf6 Rf1+ 107. Ke7 Rh1 108. Rd6 Rxh5 109. e6 Rh1 110. Kd8 Ra1 111. Rd7 Ra8+ 112. Ke7 Kg7 113. Kd6+ Kf8 114. Rh7 Ra6+ 115. Ke5 Ra1 116. Rf7+ Ke8 117. Rf5 Ra5+ 118. Kf6 Rxf5+ 119. Kxf5 Ke7 120. Ke5 Ke8 121. Kd6 Kd8 122. e7+ Ke8 123. Ke6 1/2-1/2

[Event "SVK-chT2D 2122"]
[Site "Slovakia"]
[Date "2021.10.16"]
[Round "1.6"]
[White "Fecko, Juraj"]
[Black "Stec, Juraj"]
[Result "0-1"]
[WhiteElo "1740"]
[BlackElo "1876"]
[PlyCount "174"]
[EventDate "2021.10.16"]
[EventType "team-tourn"]
[EventRounds "11"]
[EventCountry "SVK"]
[SourceTitle "EXT 2023"]
[Source "ChessBase"]
[SourceDate "2022.10.05"]
[SourceVersion "1"]
[SourceVersionDate "2022.10.05"]
[SourceQuality "1"]
[WhiteTeam "Michalovce Zemplin II"]
[BlackTeam "Kosice Slavia TU IV"]
[WhiteTeamCountry "SVK"]
[BlackTeamCountry "SVK"]

1. e4 c6 2. d4 d5 3. exd5 cxd5 4. c4 Nf6 5. Nc3 e6 6. Nf3 Be7 7. h3 0-0 8. Ne5 b6 9. Be2 Bb7 10. 0-0 dxc4 11. Bxc4 Nc6 12. Be3 Rc8 13. Be2 Nb4 14. a3 Nbd5 15. Nxd5 Bxd5 16. Ba6 Rc7 17. Rc1 Bb7 18. Bxb7 Rxb7 19. Qf3 Qd5 20. Qe2 Bd6 21. Nf3 h6 22. Rc2 Rd7 23. Rfc1 Qb7 24. Rc6 Nd5 25. Nd2 Bc5 26. Qb5 Bd6 27. Ne4 Bf4 28. Bxf4 Nxf4 29. Qc4 Rxd4 30. Qc2 Rd7 31. f3 Qa6 32. Re1 Qd3 33. Qf2 Rfd8 34. Kh2 Qd5 35. Rc3 Qf5 36. Qg3 Nd3 37. Re2 Qf4 38. Rec2 Qxg3+ 39. Kxg3 e5 40. b4 f5 41. Nf2 Nxf2 42. Kxf2 Kf7 43. Rc6 Rd3 44. Rc7+ R8d7 45. Ke2 R3d6 46. R2c6 Ke7 47. Rc2 Rd2+ 48. Kf1 Rxc2 49. Rxc2 Kd6 50. Ke2 Rc7 51. Rd2+ Ke6 52. Kf2 Rc3 53. Ra2 g5 54. a4 e4 55. fxe4 fxe4 56. b5 Ke5 57. Kf1 Kd4 58. Ke2 Kc4 59. Ra1 Kb4 60. Kd2 Ra3 61. Re1 e3+ 62. Ke2 Kxa4 63. Rb1 Rb3 64. Ra1+ Kxb5 65. Rxa7 Rb2+ 66. Kxe3 Rxg2 67. Kf3 Rd2 68. Rh7 Rd6 69. Rc7 Kb4 70. Rc1 b5 71. Rb1+ Kc5 72. Rc1+ Kb6 73. Rb1 Rd4 74. Re1 Rh4 75. Kg3 b4 76. Re8 Kc5 77. Rc8+ Kd4 78. Rb8 Kc3 79. Rc8+ Rc4 80. Rh8 Rc6 81. Re8 b3 82. Re3+ Kb4 83. Re2 Kc3 84. Re3+ Kb2 85. Kg4 Ka2 86. Re4 Ra6 87. Re2+ b2 0-1

[Event "SVK-chT2D 1920"]
[Site "Slovakia"]
[Date "2020.03.08"]
[Round "11.7"]
[White "Kotora, Matus"]
[Black "Stec, Juraj"]
[Result "1-0"]
[WhiteElo "1725"]
[BlackElo "1929"]
[PlyCount "123"]
[EventDate "2019.10.26"]
[EventType "team-tourn"]
[EventRounds "11"]
[EventCountry "SVK"]
[SourceTitle "EXT 2022"]
[Source "ChessBase"]
[SourceDate "2021.10.06"]
[SourceVersion "1"]
[SourceVersionDate "2021.10.06"]
[SourceQuality "1"]
[WhiteTeam "Stropkov/Svidnik"]
[BlackTeam "Kosice Slavia TU IV"]
[WhiteTeamCountry "SVK"]
[BlackTeamCountry "SVK"]

1. e4 c6 2. d4 d5 3. e5 Bf5 4. Bd3 Bxd3 5. Qxd3 e6 6. Nf3 Qb6 7. a3 c5 8. Nc3 cxd4 9. Nxd4 Nc6 10. Nxc6 Qxc6 11. 0-0 Ne7 12. Be3 Nf5 13. Qb5 d4 14. Bd2 dxc3 15. Qxc6+ bxc6 16. Bxc3 Bc5 17. Rad1 Rd8 18. Rxd8+ Kxd8 19. g4 Ne7 20. a4 Nd5 21. Rd1 Ke7 22. Be1 Rb8 23. c4 Nb4 24. Bd2 Rd8 25. Bg5+ f6 26. exf6+ gxf6 27. Bxf6+ Kxf6 28. Rxd8 Nc2 29. Rd7 h6 30. h4 e5 31. Kf1 e4 32. Rc7 Nb4 33. h5 Ke5 34. g5 hxg5 35. h6 Bd4 36. h7 Kf5 37. Rc8 Bxb2 38. Rb8 c5 39. h8Q Bxh8 40. Rxh8 Ke5 41. Rh7 a5 42. Rd7 Nd3 43. Ke2 Kf4 44. Rf7+ Ke5 45. Ke3 Nb2 46. Re7+ Kf5 47. Rxe4 Nxa4 48. Re7 Nb2 49. Rc7 Nxc4+ 50. Ke2 Ne5 51. Rxc5 Ke4 52. Rxa5 g4 53. Ra4+ Kf5 54. Ke3 g3 55. fxg3 Ng4+ 56. Kf3 Ne5+ 57. Kg2 Nd3 58. Kh3 Nf2+ 59. Kh4 Kg6 60. Rd4 Kh6 61. g4 Kg6 62. Kg3 1-0

[Event "SVK-chT2D 1920"]
[Site "Slovakia"]
[Date "2020.03.07"]
[Round "10.7"]
[White "Stec, Juraj"]
[Black "Furman, Slavomir"]
[Result "1/2-1/2"]
[WhiteElo "1929"]
[BlackElo "1758"]
[PlyCount "94"]
[EventDate "2019.10.26"]
[EventType "team-tourn"]
[EventRounds "11"]
[EventCountry "SVK"]
[SourceTitle "EXT 2022"]
[Source "ChessBase"]
[SourceDate "2021.10.06"]
[SourceVersion "1"]
[SourceVersionDate "2021.10.06"]
[SourceQuality "1"]
[WhiteTeam "Kosice Slavia TU IV"]
[BlackTeam "Bardejov BSK II"]
[WhiteTeamCountry "SVK"]
[BlackTeamCountry "SVK"]

1. e4 e5 2. Nf3 Nf6 3. Nxe5 d6 4. Nf3 Nxe4 5. Nc3 Nxc3 6. dxc3 Be7 7. Bd3 Nc6 8. Be3 Be6 9. Nd4 Nxd4 10. cxd4 d5 11. c3 Qd7 12. Qc2 h6 13. h3 c6 14. 0-0-0 0-0-0 15. Rde1 h5 16. Re2 Bd6 17. Rhe1 Rde8 18. Bg5 Be7 19. Bf4 Bd6 20. Be5 Bxe5 21. Rxe5 g6 22. Qe2 Rhg8 23. g4 hxg4 24. hxg4 Kd8 25. f3 Qd6 26. f4 Bd7 27. Qf3 f6 28. Rxe8+ Rxe8 29. Rxe8+ Bxe8 30. Qe3 Qe7 31. Kd2 Qxe3+ 32. Kxe3 g5 33. b4 Bd7 34. Kf3 b5 35. a3 Ke7 36. Bc2 Kd6 37. a4 a6 38. a5 Ke7 39. Bd3 Kd6 40. Bg6 Ke7 41. Kg3 Kd6 42. Bh7 Ke7 43. Bd3 Kd6 44. Bc2 Ke7 45. Bf5 Kd6 46. fxg5 fxg5 47. Bd3 Ke7 1/2-1/2

[Event "SVK-chT1E 1920"]
[Site "Slovakia"]
[Date "2020.02.23"]
[Round "9.8"]
[White "Stauder, Matej"]
[Black "Stec, Juraj"]
[Result "1/2-1/2"]
[WhiteElo "1937"]
[BlackElo "1922"]
[PlyCount "24"]
[EventDate "2019.10.12"]
[EventType "team-tourn"]
[EventRounds "11"]
[EventCountry "SVK"]
[SourceTitle "CBM 195 Extra"]
[Source "ChessBase"]
[SourceDate "2020.05.31"]
[SourceVersion "1"]
[SourceVersionDate "2020.05.31"]
[SourceQuality "1"]
[WhiteTeam "Kysucke Nove Mesto"]
[BlackTeam "Kosice Slavia TU II"]
[WhiteTeamCountry "SVK"]
[BlackTeamCountry "SVK"]

1. d4 d5 2. c4 e6 3. Nc3 Nf6 4. Nf3 Be7 5. e3 b6 6. cxd5 Nxd5 7. e4 Nxc3 8. bxc3 0-0 9. Bd3 c5 10. 0-0 cxd4 11. cxd4 Ba6 12. Bf4 Bxd3 1/2-1/2

[Event "SVK-chT2D 1920"]
[Site "Slovakia"]
[Date "2019.12.15"]
[Round "6.8"]
[White "Simko, Ladislav"]
[Black "Stec, Juraj"]
[Result "0-1"]
[WhiteElo "1381"]
[BlackElo "1929"]
[PlyCount "114"]
[EventDate "2019.10.26"]
[EventType "team-tourn"]
[EventRounds "11"]
[EventCountry "SVK"]
[SourceTitle "CBM 194 Extra"]
[Source "ChessBase"]
[SourceDate "2020.03.31"]
[SourceVersion "1"]
[SourceVersionDate "2020.03.31"]
[SourceQuality "1"]
[WhiteTeam "Moldava nad Bodvou"]
[BlackTeam "Kosice Slavia TU IV"]
[WhiteTeamCountry "SVK"]
[BlackTeamCountry "SVK"]

1. e4 c6 2. d4 d5 3. Nd2 dxe4 4. Nxe4 Nd7 5. Nf3 Ngf6 6. Nxf6+ Nxf6 7. Bc4 Bf5 8. c3 e6 9. Bg5 h6 10. Bh4 Be7 11. Ne5 Ne4 12. Bxe7 Qxe7 13. Qe2 Nd6 14. Bd3 0-0 15. 0-0 Rfd8 16. Rad1 Rac8 17. Rd2 c5 18. Bxf5 Nxf5 19. dxc5 Rxd2 20. Qxd2 Rxc5 21. Nf3 Rd5 22. Qe2 Qd6 23. Re1 a6 24. h3 Rd3 25. Qe5 Qd8 26. Qe4 Rd7 27. Ne5 Rd1 28. Rxd1 Qxd1+ 29. Kh2 Nd6 30. Qf4 b5 31. c4 bxc4 32. Nxc4 Nxc4 33. Qxc4 a5 34. Qc8+ Kh7 35. Qc3 Qd5 36. a3 e5 37. f3 f5 38. Qc8 e4 39. Qc3 Qd3 40. Kg1 Qxc3 41. bxc3 exf3 42. gxf3 Kg6 43. Kf2 Kf6 44. Ke3 Ke5 45. c4 g5 46. a4 h5 47. Kd3 g4 48. hxg4 hxg4 49. fxg4 fxg4 50. Ke3 g3 51. c5 Kd5 52. c6 Kxc6 53. Kf3 Kc5 54. Kxg3 Kb4 55. Kf3 Kxa4 56. Ke3 Kb3 57. Kd2 Kb2 0-1

[Event "SVK-chT2D 1920"]
[Site "Slovakia"]
[Date "2019.12.14"]
[Round "5.7"]
[White "Stec, Juraj"]
[Black "Gettvert, Vojtech"]
[Result "1/2-1/2"]
[WhiteElo "1929"]
[BlackElo "1855"]
[PlyCount "46"]
[EventDate "2019.10.26"]
[EventType "team-tourn"]
[EventRounds "11"]
[EventCountry "SVK"]
[SourceTitle "CBM 194 Extra"]
[Source "ChessBase"]
[SourceDate "2020.03.31"]
[SourceVersion "1"]
[SourceVersionDate "2020.03.31"]
[SourceQuality "1"]
[WhiteTeam "Kosice Slavia TU IV"]
[BlackTeam "Kosice Slavia UPJS III"]
[WhiteTeamCountry "SVK"]
[BlackTeamCountry "SVK"]

1. e4 d6 2. d4 Nf6 3. Nc3 g6 4. Nf3 Bg7 5. Be2 0-0 6. 0-0 Bg4 7. Be3 Nbd7 8. Qd2 c6 9. a4 Qc7 10. h3 Bxf3 11. Bxf3 e5 12. Rad1 Rfe8 13. dxe5 dxe5 14. Qd6 Qxd6 15. Rxd6 Bf8 16. Rd3 Nc5 17. Rd2 Ne6 18. g3 Bc5 19. Bh6 Rad8 20. Rxd8 Rxd8 21. Kg2 Bb4 22. Ne2 Bd2 23. Bxd2 Rxd2 1/2-1/2